000 00567nam a22001817a 4500
005 20240215093419.0
008 141219b xxu||||| |||| 00| 0 eng d
040 _aLoreto College
041 _aEnglish
082 _a370.942
_bENG
245 _a15 to 18,
_bA Report of the Central Advisory Council for Education,
_cEngland, Ministry of Education
260 _aLondon
_bHer Majesty,s Stationery Office
_c1959
300 _axxxi, 519p./ Vol-I
_b21cm.
504 _aIncludes glossary and index.
650 _aEducation- Report
850 _aLCLIB
942 _cBK
999 _c39740
_d90219